Seemanns Lexikon der Skulptur : Bildhauer, Epochen, Themen, Techniken
Saved in:
| Main Author: | |
|---|---|
| Document Type: | Book |
| Language: | German |
| Published: |
Leipzig
: Seemann
, c 2007
|
| Edition: | 1. Aufl. |
| Series: | Kunstwissen kompakt
|
| Subjects: | |
| Online Access: | Inhaltsverzeichnis Inhaltsverzeichnis |
| Related Items: | Rezensiert in:
[Rezension von: Stefan Dürre, Seemanns Lexikon der Skulptur] |
| Author Notes: | Stefan Dürre |
| LEADER | 03821cam a2200913 c 4500 | ||
|---|---|---|---|
| 001 | 483618268 | ||
| 003 | DE-627 | ||
| 005 | 20260421115617.0 | ||
| 007 | tu | ||
| 008 | 050413s2007 gw ||||| d 00| ||ger c | ||
| 015 | |a 05,N17,0740 |2 dnb | ||
| 015 | |a 07,A16,1191 |2 dnb | ||
| 016 | 7 | |a 974259446 |2 DE-101 | |
| 020 | |a 9783865023759 |q : set : Kunstwissen kompakt |9 978-3-86502-375-9 | ||
| 020 | |a 3865021018 |9 3-86502-101-8 | ||
| 020 | |a 9783865021014 |q : EUR 29.90, EUR 30.80 (AT), sfr 52.20 |9 978-3-86502-101-4 | ||
| 024 | 3 | |a 9783865021014 | |
| 035 | |a (DE-627)483618268 | ||
| 035 | |a (DE-603)184423619 | ||
| 035 | |a (DE-576)117141178 | ||
| 035 | |a (DE-599)DNB974259446 | ||
| 035 | |a (OCoLC)180885854 | ||
| 035 | |a (OCoLC)180885854 | ||
| 035 | |a (OCoLC)166333873 | ||
| 035 | |a (AT-OBV)AC04537519 | ||
| 035 | |a (DE-604)BV020047251 | ||
| 035 | |a (DE-478)952374124 | ||
| 040 | |a DE-627 |b ger |c DE-627 |e rakwb | ||
| 041 | |a ger | ||
| 044 | |c XA-DE-SN | ||
| 050 | 0 | |a NB50 | |
| 082 | 0 | |a 730 | |
| 082 | 0 | |a 730.9 |q OCLC | |
| 082 | 0 | 4 | |a 730 |q DNB |
| 084 | |a Rek 4 |2 asb | ||
| 084 | |a REK 2 |2 ssd | ||
| 084 | |a KU 530 |2 sfb | ||
| 084 | |a K 140 |2 kab | ||
| 084 | |a 9,10 |2 ssgn | ||
| 084 | |a LH 69000 |2 rvk |0 (DE-625)rvk/94729: | ||
| 084 | |a LH 13510 |2 rvk |0 (DE-625)rvk/92437: | ||
| 084 | |a 21.50 |2 bkl | ||
| 090 | |a a | ||
| 100 | 1 | |a Dürre, Stefan |d 1963- |0 (DE-588)124950124 |0 (DE-627)36896003X |0 (DE-576)294584722 |4 aut | |
| 245 | 1 | 0 | |a Seemanns Lexikon der Skulptur |b Bildhauer, Epochen, Themen, Techniken |c Stefan Dürre |
| 246 | 3 | 3 | |a Lexikon der Skulptur |
| 250 | |a 1. Aufl. | ||
| 264 | 1 | |a Leipzig |b Seemann |c c 2007 | |
| 300 | |a 464 S. |b zahlr. Ill. |c 25 cm | ||
| 336 | |a Text |b txt |2 rdacontent | ||
| 337 | |a ohne Hilfsmittel zu benutzen |b n |2 rdamedia | ||
| 338 | |a Band |b nc |2 rdacarrier | ||
| 490 | 0 | |a Kunstwissen kompakt | |
| 500 | |a Literaturverz. S. 460 - 462 | ||
| 583 | 1 | |a Archivierung/Langzeitarchivierung gewährleistet |f PESN |x XA-DE-SN |2 pdager |5 DE-14 | |
| 583 | 1 | |a Archivierung/Langzeitarchivierung gewährleistet |f SSG |x XA-DE-BW |2 pdager |5 DE-16 | |
| 648 | 7 | |a Geschichte |2 gnd | |
| 650 | 0 | |a Sculpture |v Dictionaries |x German | |
| 650 | 0 | 7 | |0 (DE-588)4046277-8 |0 (DE-627)106198602 |0 (DE-576)209068817 |a Plastik |2 gnd |
| 650 | 4 | |a Plastik | |
| 650 | 4 | |a Wörterbuch | |
| 655 | 7 | |a Wörterbuch |0 (DE-588)4066724-8 |0 (DE-627)104682620 |0 (DE-576)209166061 |2 gnd-content | |
| 689 | 0 | 0 | |d s |0 (DE-588)4046277-8 |0 (DE-627)106198602 |0 (DE-576)209068817 |a Plastik |2 gnd |
| 689 | 0 | 1 | |a z |2 gnd |a Geschichte |
| 689 | 0 | |5 DE-101 | |
| 787 | 0 | 8 | |i Rezensiert in |a Feist, Peter H., 1928 - 2015 |t [Rezension von: Stefan Dürre, Seemanns Lexikon der Skulptur] |d 2007 |w (DE-627)154775530X |w (DE-576)477755305 |
| 856 | 4 | 2 | |u https://swbplus.bsz-bw.de/bsz117141178inh.htm |m V:DE-576 |q application/pdf |v 2008-05-15 |3 Inhaltsverzeichnis |7 1 |
| 856 | 4 | 2 | |u http://scans.hebis.de/HEBCGI/show.pl?18442361_toc.pdf |m V:DE-604 |q application/pdf |3 Inhaltsverzeichnis |7 1 |
| 935 | |i sf | ||
| 935 | |i Blocktest | ||
| 936 | r | v | |a LH 69000 |b Allgemeine geschichtliche Darstellungen |k Kunstgeschichte |k Allgemeines. Allgemeine Kunstgeschichte |k Kunstgeschichte einzelner Gattungen der Kunst |k Skulptur (Plastik) |k Allgemeine geschichtliche Darstellungen |0 (DE-627)127063769X |0 (DE-625)rvk/94729: |0 (DE-576)20063769X |
| 936 | r | v | |a LH 13510 |b Skulptur (Plastik) |k Kunstgeschichte |k Allgemeines. Allgemeine Kunstgeschichte |k Lexika, Bibliografien, Bibliothekskataloge |k Kunst- und Künstlerlexika |k Reallexika einzelner Disziplinen der Kunst |k Skulptur (Plastik) |0 (DE-627)1271071622 |0 (DE-625)rvk/92437: |0 (DE-576)201071622 |
| 936 | b | k | |a 21.50 |j Bildhauerei: Allgemeines |0 (DE-627)106421794 |
| 936 | s | n | |a l300 |2 mzub |
| 951 | |a BO | ||
| 990 | |a Plastik | ||
| 990 | |a Geschichte | ||
| 991 | |a Rezensiertes Werk | ||
| 999 | |a KXP-PPN483618268 |e 4157473558 | ||


